000 00274nam a22001097a 4500
082 _a808.2 HOL'O
100 _aHOLGKNECHT, KARL J
_957848
245 _aOUTLINES OF TUDOR AND STUART PLAYS 1497-1642
260 _aNEWYORK
_bBARNES & NOBLE
_c1952
300 _a442P
942 _cBK
999 _c568097
_d568097